Bibliografický katalog ČSSR české knihy

Enregistré dans:
Détails bibliographiques
Format: Publication en série
Langue:tchèque
Publié: Praha Národní knihovna ČR
Sujets:
Tags: Ajouter un tag
Pas de tags, Soyez le premier à ajouter un tag!

MARC

LEADER 00000nas1a22000001 4500
001 s120556
005 20050228115845.9
022 |a 0323-1615 
041 0 |a cze 
044 |a CZ 
245 1 0 |a Bibliografický katalog ČSSR  |b české knihy 
264 1 |a Praha  |b Národní knihovna ČR 
610 2 0 |a bibliografia 
610 2 0 |a katalógy 
610 2 0 |a knihy 
610 2 0 |a ČSFR